书目信息 |
| 题名: |
科技编辑学通论
|
|
| 作者: | 司有和 著 | |
| 分册: | ||
| 出版信息: | 合肥 中国科学技术大学出版社 1996.08 |
|
| 页数: | 344页 | |
| 开本: | 32开 | |
| 丛书名: | ||
| 单 册: | ||
| 中图分类: | G232.2 | |
| 科图分类: | ||
| 主题词: | 出版工作 | |
| 电子资源: | ||
| ISBN: | 7-312-00846-1 | |
| 000 | 00546nam0 2200193 45 | |
| 001 | 0008090876 | |
| 005 | 20000809082919.0 | |
| 010 | @a7-312-00846-1@d12.00元 | |
| 100 | @a20000809d1996 km y0chiy0120 ea | |
| 101 | 0 | @achi |
| 105 | @a z 000yy | |
| 200 | 1 | @a科技编辑学通论@AKe Ji Bian Ji Xue Tong Lun@f司有和 著@FSi You He Zhu |
| 210 | @a合肥@c中国科学技术大学出版社@d1996.08 | |
| 215 | @a344页@d32开 | |
| 606 | 0 | @a出版工作 |
| 690 | @aG232.2@v3 | |
| 701 | 0 | @a司有和@4著 |
| 801 | @aCN@bPftUser@c20000809 | |
| 905 | @b93765-766@dG232.2@eS309@f2 | |
| 科技编辑学通论/司有和 著.-合肥:中国科学技术大学出版社,1996.08 |
| 344页;32开 |
| ISBN 7-312-00846-1:12.00元 |
| ● |
| 相关链接 |
|
|
|
正题名:科技编辑学通论
索取号:G232.2/S309
 
预约/预借
| 序号 | 登录号 | 条形码 | 馆藏地/架位号 | 状态 | 备注 |
| 1 | 93765 | 200937656 | 社科库409/409社科库 58排4列3层/ [索取号:G232.2/S309] | 在馆 | |
| 2 | 93766 | 200937665 | 社科库409/409社科库 58排4列3层/ [索取号:G232.2/S309] | 在馆 |